000 00784nam a2200229Ia 4500
003 GCL
008 140319s9999 xx 000 0 ara d
020 _a5130345977
040 _aGCL /
_cGCL
082 0 4 _a005.3
_bو ت
100 1 _aويليت، ادوارد
245 1 0 _aتطبيقات فيجوال بيسك مينى بايبل /
_cويليت، ادوارد
250 _aالاولى
260 _aالقاهرة :
_bدار الفاروق للنشر والتوزيع ،
_c2003
300 _a247 ص ؛
_c24 سم
650 0 4 _aالحاسبات الالكترونية
650 0 4 _aنظم المعلومات
650 0 4 _aالبرامج الالية
650 0 4 _aالحاسبات الالكترونية - برامج
650 0 4 _aفيجوال بيسك
942 _2ddc
_cBK
999 _c5451
_d5451